Antropología lingüística

שמור ב:
מידע ביבליוגרפי
מחבר ראשי: Duranti, Alessandro (Author)
פורמט: ספר
שפה:ספרדית
יצא לאור: Madrid Cambridge University 2000
סדרה:Lingüística
נושאים:
תגים: הוספת תג
אין תגיות, היה/י הראשונ/ה לתייג את הרשומה!

MARC

LEADER 00000nam a2200000 a 4500
001 UCN7882
003 CL-VaPUC
008 011026e20000000SP |||||||||||||||||spa|d
082 0 4 |a 306.44  |b DUR  |2 21 
100 0 |a Duranti, Alessandro  |e author  |9 464103 
245 1 0 |a Antropología lingüística 
300 |a 525 p 
942 |c BK 
945 |d 20011026 00:00:00  |a cmena 
260 |a Madrid  |b Cambridge University  |c 2000 
650 0 |a Sociolingüística  |9 263716 
650 0 |a Etnografía   |9 309735 
650 0 |a Investigación lingüística  |9 329785 
650 0 |a Conversación   |9 341332 
583 |a last modification  |c 20011026 00:00:00  |k Rodrigo Vera 
490 0 |a Lingüística 
999 |c 298073  |d 298071 
952 |0 0  |1 0  |4 0  |6 306_440000000000000_DUR_2000  |7 0  |8 A  |9 353406  |a FDOPOS  |b BIBEDU  |d 2019-11-21  |i 3768015  |l 2  |m 3  |o 306.44 DUR 2000  |p 3768015  |r 2025-01-22  |s 2023-11-06  |w 2019-11-21  |y BK  |k MLA